000 01200cab a2200349 4500
001 ABS45245
008 090401t1991 xxu||||| |||| 00| 0 eng d
035 _a(Sirsi) u51770
041 _aeng
100 _aChase, A.
245 _aNew compensation law
260 _c1991
350 _a0
490 _aCS Monthly : Planning and Development bulletin
_v(2) October 1991, 5(1)
520 _aSummarises the principle changes brought about by the Planning and Compensation Act 1991 including advance payments, appropriate alternative development, notice to treat, home loss payments and blight notices.
650 _aADVANCE PAYMENTS
650 _aAPPROPRIATE ALTERNATIVE DEVELOPMENT
650 _aBLIGHT NOTICES
650 _aCARAVANS
650 _aCOMPENSATION
650 _aFARM LOSS PAYMENTS
650 _aHOME LOSS PAYMENTS
650 _aNOISE
650 _aNOTICE TO TREAT
650 _aPLANNING AND COMPENSATION ACT 1991
650 _aPUBLIC WORKS
650 _aSEVERENCE OF TENANCIES
650 _aSPECIAL PURCHASER
690 _aENVIRONMENTAL AND LAND CONSULTANCY-PLANNING AND DEVELOPMENT-COMPULSORY PURCHASE AND COMPENSATION
942 _n0
948 _c04/03/1997
999 _c32125
_d32125